[Event "Belgrade-ch sf"]
[Site "Belgrade"]
[Date "2017.01.26"]
[Round "4"]
[White "Mijailovic, Luka"]
[Black "Masovic, Bogosav"]
[Result "0-1"]
[WhiteElo "1608"]
[BlackElo "1691"]
[PlyCount "30"]
[EventDate "2017.01.23"]
[EventType "swiss"]
[EventRounds "7"]
[EventCountry "SRB"]
[SourceTitle "CBM 176 Extra"]
[Source "ChessBase"]
[SourceDate "2017.03.02"]
[SourceVersion "1"]
[SourceVersionDate "2017.03.02"]
[SourceQuality "1"]

1. e4 c6 2. d4 d5 3. Nc3 dxe4 4. Nxe4 Nf6 5. Qe2 Nxe4 6. Qxe4 Qd5 7. Qxd5 cxd5 8. Bd3 Bg4 9. h3 Bh5 10. Bf4 Bg6 11. Bxg6 hxg6 12. Nf3 Nd7 13. 0-0 e6 14. c3 Be7 15. Rae1 0-0 0-1

[Event "Belgrade-ch sf"]
[Site "Belgrade"]
[Date "2017.01.23"]
[Round "1"]
[White "Maric, Dragan"]
[Black "Masovic, Bogosav"]
[Result "1-0"]
[WhiteElo "2195"]
[BlackElo "1691"]
[PlyCount "65"]
[EventDate "2017.01.23"]
[EventType "swiss"]
[EventRounds "7"]
[EventCountry "SRB"]
[SourceTitle "CBM 176 Extra"]
[Source "ChessBase"]
[SourceDate "2017.03.02"]
[SourceVersion "1"]
[SourceVersionDate "2017.03.02"]
[SourceQuality "1"]

1. e4 c6 2. d4 d5 3. f3 dxe4 4. fxe4 g6 5. Bc4 e6 6. Nf3 Bg7 7. Nc3 b6 8. Bg5 Bf6 9. h4 h5 10. Qd2 a5 11. e5 Bxg5 12. Nxg5 a4 13. Nce4 Nh6 14. 0-0-0 b5 15. Be2 Qa5 16. Qf4 0-0 17. Nxe6 fxe6 18. Qxh6 a3 19. Qxg6+ Kh8 20. Qxh5+ Kg8 21. Qg6+ Kh8 22. b3 Na6 23. Rd3 Qc7 24. Qh6+ Qh7 25. Qxf8+ Qg8 26. Qf6+ Qg7 27. Rg3 Qxf6 28. Nxf6 Bb7 29. h5 Nb4 30. h6 Nxa2+ 31. Kd2 Nb4 32. Rg7 Nd5 33. Rh7# 1-0

[Event "Belgrade-ch"]
[Site "Belgrade"]
[Date "2010.01.26"]
[Round "4"]
[White "Ruzicic, Sinisa"]
[Black "Masovic, Bogosav"]
[Result "1-0"]
[WhiteElo "2014"]
[BlackElo "1839"]
[PlyCount "61"]
[EventDate "2010.01.23"]
[EventType "swiss"]
[EventRounds "9"]
[EventCountry "YUG"]
[SourceTitle "CBM 134 Extra"]
[Source "ChessBase"]
[SourceDate "2010.03.03"]
[SourceVersion "1"]
[SourceVersionDate "2010.03.03"]
[SourceQuality "1"]

1. e4 c5 2. Nf3 d6 3. d4 cxd4 4. Nxd4 Nf6 5. Nc3 a6 6. Be2 e6 7. Be3 b5 8. f3 Bb7 9. Qd2 Be7 10. g4 Nc6 11. g5 Nh5 12. f4 g6 13. Bf3 Ng7 14. 0-0-0 0-0 15. h4 Na5 16. Qh2 Nc4 17. Bf2 Qa5 18. Nb3 Qc7 19. h5 Rac8 20. hxg6 fxg6 21. Qxh7+ Kf7 22. Rh6 Ke8 23. Qxg7 Bxg5 24. Qxg6+ Qf7 25. Qxg5 Qxf4+ 26. Qxf4 Rxf4 27. Nd4 e5 28. Bh5+ Ke7 29. Rh7+ Kf6 30. Rf7+ Kg5 31. Rg1+ 1-0

[Event "Belgrade op"]
[Site "Belgrade"]
[Date "2009.11.29"]
[Round "6"]
[White "Masovic, Bogosav"]
[Black "Ratkovic, Petar"]
[Result "1-0"]
[WhiteElo "1854"]
[BlackElo "1454"]
[PlyCount "62"]
[EventDate "2009.11.24"]
[EventType "swiss"]
[EventRounds "9"]
[EventCountry "YUG"]
[SourceTitle "CBM 133 Extra"]
[Source "ChessBase"]
[SourceDate "2010.01.05"]
[SourceVersion "1"]
[SourceVersionDate "2010.01.05"]
[SourceQuality "1"]

1. d4 d5 2. c4 c6 3. Nf3 Nf6 4. Nc3 e6 5. Bg5 Nbd7 6. e3 Be7 7. Be2 0-0 8. 0-0 h6 9. Bh4 dxc4 10. Bxc4 Qb6 11. Rb1 Rd8 12. Qc2 c5 13. dxc5 Nxc5 14. a3 Qc7 15. b4 Ncd7 16. Nb5 Qc6 17. Nfd4 Qb6 18. Nc3 Qc7 19. Qb3 Ng4 20. Bg3 Bd6 21. Ncb5 Qc6 22. Nxd6 a6 23. Nxf7 Kxf7 24. Rbd1 b5 25. Be2 Ngf6 26. Bf3 Qc4 27. Qxc4 bxc4 28. Ne2 Ra7 29. Nc3 Nb8 30. Bxb8 Bb7 31. h3 Rxb8 1-0

[Event "Belgrade op"]
[Site "Belgrade"]
[Date "2009.11.27"]
[Round "4"]
[White "Masovic, Bogosav"]
[Black "Perunovic, Ljubivoje"]
[Result "0-1"]
[WhiteElo "1854"]
[BlackElo "2064"]
[PlyCount "80"]
[EventDate "2009.11.24"]
[EventType "swiss"]
[EventRounds "9"]
[EventCountry "YUG"]
[SourceTitle "CBM 133 Extra"]
[Source "ChessBase"]
[SourceDate "2010.01.05"]
[SourceVersion "1"]
[SourceVersionDate "2010.01.05"]
[SourceQuality "1"]

1. d4 g6 2. c4 c6 3. Nc3 Bg7 4. Nf3 Nf6 5. e4 d6 6. Be2 0-0 7. 0-0 Qc7 8. h3 e5 9. Be3 Nbd7 10. Rc1 Re8 11. d5 c5 12. Nd2 a6 13. a3 Rb8 14. Rb1 Nf8 15. b4 b6 16. bxc5 bxc5 17. Rxb8 Qxb8 18. Qb1 Qc7 19. Qb3 h6 20. f4 exf4 21. Bxf4 N6d7 22. Rb1 g5 23. Bh2 Qa5 24. Rc1 Ne5 25. Nf3 Nfg6 26. Nxe5 Nxe5 27. Qa4 Qd8 28. Qb3 f5 29. Rb1 fxe4 30. Qb6 Qe7 31. Nd1 Nf7 32. Bh5 Bd4+ 33. Kh1 Qf6 34. Be2 Ne5 35. Bg1 Nd3 36. Ne3 Nf2+ 37. Bxf2 Qxf2 38. Bh5 Rf8 39. Ng4 Bxg4 40. Bxg4 Be5 0-1

[Event "Belgrade Summer op"]
[Site "Belgrade"]
[Date "2009.06.08"]
[Round "6"]
[White "Vucinic, Gojko"]
[Black "Masovic, Bogosav"]
[Result "1/2-1/2"]
[WhiteElo "1943"]
[BlackElo "1828"]
[PlyCount "74"]
[EventDate "2009.06.02"]
[EventType "swiss"]
[EventRounds "9"]
[EventCountry "SRB"]
[SourceTitle "EXT 2019"]
[Source "ChessBase"]
[SourceDate "2018.10.10"]
[SourceVersion "1"]
[SourceVersionDate "2018.10.10"]
[SourceQuality "1"]

1. e4 c5 2. Nf3 d6 3. d4 cxd4 4. Nxd4 Nf6 5. Nc3 a6 6. Bg5 e6 7. f4 Be7 8. Qf3 Qb6 9. 0-0-0 Nc6 10. Nxc6 bxc6 11. Qg3 Rb8 12. e5 Qxb2+ 13. Kd2 Qxc3+ 14. Qxc3 Ne4+ 15. Kd3 Nxc3 16. Kxc3 Bxg5 17. fxg5 d5 18. Kd4 Rb2 19. Bd3 0-0 20. Kc5 Rxa2 21. Ra1 Rxa1 22. Rxa1 f6 23. gxf6 gxf6 24. exf6 Rxf6 25. Kxc6 Rf7 26. h3 Bb7+ 27. Kd6 Bc8 28. g4 h6 29. Bxa6 Bxa6 30. Rxa6 Rf2 31. Rc6 Re2 32. Ke7 Kg7 33. h4 d4 34. Rxe6 Rxc2 35. Re4 d3 36. Rd4 Rg2 37. Ke6 Kg6 1/2-1/2

[Event "Belgrade Spring op"]
[Site "Belgrade"]
[Date "2009.03.31"]
[Round "9"]
[White "Masovic, Bogosav"]
[Black "Ruzicic, Momcilo"]
[Result "1-0"]
[WhiteElo "1821"]
[BlackElo "1712"]
[PlyCount "73"]
[EventDate "2009.03.21"]
[EventType "swiss"]
[EventRounds "9"]
[EventCountry "YUG"]
[SourceTitle "CBM 129 Extra"]
[Source "ChessBase"]
[SourceDate "2009.05.05"]
[SourceVersion "2"]
[SourceVersionDate "2009.05.20"]
[SourceQuality "1"]

1. d4 d5 2. c4 Nf6 3. Nf3 Bg4 4. Ne5 Be6 5. e3 g6 6. b3 Bg7 7. Bb2 0-0 8. Nd2 Ne4 9. Nef3 f5 10. Bd3 Nd7 11. Bxe4 fxe4 12. Ng5 Rf6 13. Nxe6 Rxe6 14. cxd5 Ra6 15. Nxe4 c6 16. dxc6 bxc6 17. Qc2 Qa5+ 18. Qc3 Qf5 19. Qc4+ Qd5 20. Qxa6 Qxe4 21. 0-0 c5 22. Qc4+ Kh8 23. Rad1 Nb6 24. Qe2 Nd5 25. dxc5 Nf4 26. Bxg7+ Kxg7 27. Qf3 Qxf3 28. gxf3 Ne6 29. b4 h5 30. h4 g5 31. hxg5 Nxg5 32. f4 Nf7 33. Kh2 Nh6 34. f3 Nf5 35. Rg1+ Kf6 36. Rd3 Rh8 37. e4 1-0

[Event "Belgrade Spring op"]
[Site "Belgrade"]
[Date "2009.03.22"]
[Round "2"]
[White "Andrijevic, Milan"]
[Black "Masovic, Bogosav"]
[Result "1-0"]
[WhiteElo "2384"]
[BlackElo "1821"]
[PlyCount "33"]
[EventDate "2009.03.21"]
[EventType "swiss"]
[EventRounds "9"]
[EventCountry "YUG"]
[SourceTitle "CBM 129 Extra"]
[Source "ChessBase"]
[SourceDate "2009.05.05"]
[SourceVersion "2"]
[SourceVersionDate "2009.05.20"]
[SourceQuality "1"]

1. e4 c5 2. Nf3 d6 3. d4 cxd4 4. Nxd4 Nf6 5. Nc3 a6 6. Be2 e6 7. 0-0 Be7 8. f4 h5 9. Kh1 h4 10. h3 b5 11. e5 dxe5 12. fxe5 Nd5 13. Nxd5 exd5 14. Bg4 0-0 15. Bxc8 Qxc8 16. Nf5 Bd8 17. Qg4 1-0